00263nam a22000977a 450000500170000000800410001702000150005804000080007324500410008126000430012220200910144802.0200910b ||||| |||| 00| 0 eng d a0673811581 cCML aBefore your Very Eyes.cForesman, S. aUSAbScott, Foresman and Companyc1988